| 000 | 00821nam a2200229Ia 4500 | ||
|---|---|---|---|
| 001 | 591 | ||
| 003 | GE_BSU | ||
| 008 | 181216s||||||||xx |||||||||||||| ||und|| | ||
| 020 | _a9992895624 | ||
| 040 | _cGE_BSU | ||
| 080 | _a811.512.16(038) | ||
| 245 | _aთურქული ქრესტომათია ლექსიკონით | ||
| 245 | _bსაშუალო და უმაღლესი სკოლებისათვის | ||
| 245 | _cშემდგ. ელიდა კვანტალიანი | ||
| 260 | _aთბილისი | ||
| 260 | _bთბილისის უნივერსიტეტის გამ–ბა | ||
| 260 | _c2002 | ||
| 300 | _a562გვ. | ||
| 541 | _h15ლ. | ||
| 653 | _aთურქული ქრესტომათია | ||
| 942 | _cBK | ||
| 999 |
_c34781 _d34781 |
||